Loading...
| Fine Arts - Classical Music | 5 | 12.00 | 2,260% | 320% | 280% |
| Fine Arts - Other | 2 | 10.00 | 2,450% | 0% | 450% |
| Fine Arts - Painting & Sculpture | 4 | 7.50 | 1,600% | 0% | 400% |
| History - American | 2 | 10.00 | 0% | 450% | 400% |
| History - European | 6 | 10.00 | 2,167% | 400% | 150% |
| History - Other | 3 | 10.00 | 2,700% | 233% | 300% |
| History - World | 1 | 10.00 | 0% | 800% | 0% |
| Literature - American | 5 | 8.00 | 1,620% | 180% | 320% |
| Literature - British | 3 | 16.67 | 5,967% | 0% | 467% |
| Literature - European | 7 | 10.00 | 2,829% | 229% | 186% |
| Literature - World | 4 | 17.50 | 4,525% | 400% | 350% |
| Mythology | 3 | 16.67 | 2,133% | 467% | 500% |
| Other | 7 | 11.43 | 2,771% | 343% | 214% |
| Philosophy | 3 | 13.33 | 0% | 567% | 567% |
| Religion | 4 | 15.00 | 3,250% | 625% | 225% |
| Science - Biology | 2 | 15.00 | 6,500% | 0% | 450% |
| Science - Chemistry | 4 | 17.50 | 5,650% | 600% | 175% |
| Science - Other | 4 | 5.00 | 0% | 200% | 225% |
| Science - Physics | 5 | 12.00 | 0% | 480% | 520% |
| Social Science | 7 | 10.00 | 2,071% | 357% | 214% |